Łódź - Tabor tramwajowy MPK - Statystyki

Ogólne statystyki
  • Ten quiz został rozwiązany 62 razy
  • Średni wynik to 7 z 10
Statystyki odpowiedzi
Obrazkowy Odpowiedź % Poprawnych
Moderus Gamma LF 06 AC
95%
Pesa 122NaL "Swing"
90%
Bombardier Cityrunner
85%
Konstal 805Na
64%
Konstal 805Na "Bulwa"
64%
Pesa 122N "Tramicus"
64%
Konstal 805Na "Woltan"
62%
Duewag M8CN
56%
Siemens NF6D (MGT6D)
49%
AEG GT6M-ZR
44%
Nie znaleziono quizów pasujących do podanych kryteriów
Rozkład punktacji
Procent ludzi z każdym wynikiem
Percentyl według liczby udzielonych odpowiedzi
Twoja historia wyników
Nie rozwiązałeś tego quizu